| Tag |
First Indicator |
Second Indicator |
Subfields |
| LEADER |
00000cam a2200000 a 4500 |
| 001 |
in00000971920 |
| 005 |
20150927151406.0 |
| 007 |
hd af||||b||| |
| 008 |
820503r19811975mduab ab 00010 eng d |
| 035 |
|
|
|a (OCoLC)08394080
|
| 035 |
|
|
|9 AEX3379AM
|
| 040 |
|
|
|a HUH
|c HUH
|d TXA
|d UtOrBLW
|
| 049 |
|
|
|a TXAI
|
| 090 |
|
|
|a DS777.55
|b .C4485 1981
|
| 099 |
|
|
|a film
|a A
|a 384
|a reel 4
|a frame
|a 422-463
|
| 100 |
1 |
|
|a Wall, Benjamin M.
|
| 245 |
1 |
0 |
|a Current practice of the People's Republic of China with regard to international law /
|c by Benjamin M. Wall.
|
| 264 |
|
1 |
|a Carlisle Barracks, Pa. :
|b U.S. Army War College ;
|c [1975]
|
| 264 |
|
2 |
|a [Springfield, Va.] :
|b [Distributed by National Technical Information Service],
|
| 300 |
|
|
|a 37 leaves :
|b illustrations, maps.
|
| 336 |
|
|
|a text
|b txt
|2 rdacontent
|
| 337 |
|
|
|a microform
|b h
|2 rdamedia
|
| 338 |
|
|
|a microfilm reel
|b hd
|2 rdacarrier
|
| 504 |
|
|
|a Bibliography: leaves 30-33.
|
| 500 |
|
|
|a "ADA 024950."
|
| 500 |
|
|
|a "8 December 1975."
|
| 500 |
|
|
|a Accompanied by annotated reel index.
|
| 533 |
|
|
|a Microfilm.
|b Frederick, Md. :
|c University Publications of America,
|d 1981.
|e On reel 4 of 8 microfilm reels ; 35 mm.
|f (China special studies, 1970-1980).
|
| 500 |
|
|
|a Microform.
|
| 650 |
|
0 |
|a International law
|z China.
|
| 830 |
|
0 |
|a China special studies, 1970-1980.
|
| 999 |
|
|
|a MARS
|
| 999 |
f |
f |
|s 0dc4181c-4c2b-361a-897c-0e950ec47044
|i f7a550fe-5a76-368b-8dee-59931f7eaf63
|t 0
|
| 952 |
f |
f |
|p normal
|a Texas A&M University
|b College Station
|c Sterling C. Evans Library
|d Evans: Microforms Film (3rd floor)
|t 0
|e DS777.55 .C4485 1981 reel 4 frame 422-463
|h Library of Congress classification
|i microform -- microfilm reel
|
| 998 |
f |
f |
|a DS777.55 .C4485 1981 reel 4 frame 422-463
|t 0
|l Evans: Microforms Film (3rd floor)
|